000 01292nam a22001937a 4500
999 _c59767
_d59767
003 Ge_BSU
005 20230411154437.0
008 230411s2000 ge ||||| |||| 00| 0 geo d
020 _a9992881216
041 _ageo
080 _a94(100) შ-93
245 _aშუა საუკუნეების ისტორიის საკითხები :
_bნაწ. 2 /
_cრედაქტორი გ. ჟორდანია; ივანე ჯავახიშვილის სახელობის თბილისის სახელმწიფო უნივერსიტეტი. შუა საუკუნეების ისტორიის კათედრა.
264 _aთბილისი:
_bგამ-ბა "უნივერსალი",
_c2000.
300 _a162 გვ. ;
_b20 სმ.
500 _aპარალ. სათ. რუს. ენ.
700 _aჟორდანია, გ.
_eრედაქტორი
_94668
710 _a ივანე ჯავახიშვილის სახელობის თბილისის სახელმწიფო უნივერსიტეტი
_eშუა საუკუნეების ისტორიის კათედრა
_917622
942 _2udc
_cBK